Semiconductors teehnical information & characteristic data for students (Record no. 6402)

000 -LEADER
fixed length control field 00570nam a2200205 4500
001 - CONTROL NUMBER
control field 6402
003 - CONTROL NUMBER IDENTIFIER
control field BD-DhUET
008 - FIXED-LENGTH DATA ELEMENTS--GENERAL INFORMATION
fixed length control field 141202b/xxu||||| |||| 00| 0 eng d
020 ## - INTERNATIONAL STANDARD BOOK NUMBER
International Standard Book Number 3800915677
040 ## - CATALOGING SOURCE
Original cataloging agency DLC
Transcribing agency DLC
Modifying agency BD-DhUET
082 ## - DEWEY DECIMAL CLASSIFICATION NUMBER
Classification number 623.815
Item number SIE/1990
110 ## - MAIN ENTRY--CORPORATE NAME
Corporate name or jurisdiction name as entry element siemens akticngesellscaft
245 ## - TITLE STATEMENT
Title Semiconductors teehnical information & characteristic data for students
250 ## - EDITION STATEMENT
Edition statement 1st ed.
260 ## - PUBLICATION, DISTRIBUTION, ETC. (IMPRINT)
Place of publication, distribution, etc. Berlin
Name of publisher, distributor, etc. siemens akticngesellscaft
Date of publication, distribution, etc. 1990
300 ## - PHYSICAL DESCRIPTION
Extent 249 p.
504 ## - BIBLIOGRAPHY, ETC. NOTE
Bibliography, etc includes bibliographies
650 #0 - SUBJECT ADDED ENTRY--TOPICAL TERM
Topical term or geographic name as entry element Semiconductors-Electronics
942 ## - ADDED ENTRY ELEMENTS (KOHA)
Koha item type Corporate Publication
Holdings
Koha date last seen Shelving location Copy number Location (home branch) Koha item type Sublocation or collection (holding branch) Withdrawn status Piece designation (barcode) Price effective from Source of classification or shelving scheme Not for loan Damaged status Date acquired Koha full call number Koha normalized classification for sorting Lost status
2014-12-02Circulation section1Central Library, BUETCorporate PublicationCentral Library, BUET 853682014-12-02   2014-12-02623.815/SIE/1990623_815000000000000_SIE_1990 
2014-12-02Circulation section2Central Library, BUETCorporate PublicationCentral Library, BUET 853672014-12-02   2014-12-02623.815/SIE/1990623_000000000000000_815SIE1990 
2014-12-11Circulation section1Central Library, BUETGeneral BookCentral Library, BUET 853692014-12-11   2014-12-11623.815 SIE/1990623_815000000000000_SIE1990 
2014-12-11Circulation section2Central Library, BUETGeneral BookCentral Library, BUET 853662014-12-11   2014-12-11623.815 SIE/1990623_815000000000000_SIE1990